El seguro basado en el uso

Gespeichert in:
Bibliographische Detailangaben
Hauptverfasser: Alcañiz Zanón, Manuela (VerfasserIn), Ayuso Gutiérrez, Mercedes (VerfasserIn), Pérez Marín, Ana María (VerfasserIn)
Format: Buch
Sprache:Spanisch
Veröffentlicht: Madrid Fundación Mapfre 2014
Ausgabe:1a. ed
Schriftenreihe:Cuadernos de la Fundación, 199
Schlagworte:
Tags: Tag hinzufügen
Keine Tags, Fügen Sie den ersten Tag hinzu!

MARC

LEADER 00000cam a2200000 a 4500
001 UCE4534
003 CL-VaPUC
008 141030e20140000sp |||||||||||||||||spa|d
020 |a 9788498444223 
082 0 4 |a 346.07  |b ALC  |2 21 
100 0 |a Alcañiz Zanón, Manuela  |e author  |9 577078 
700 0 |a Ayuso Gutiérrez, Mercedes  |e author  |9 577079 
700 0 |a Pérez Marín, Ana María  |e author  |9 577080 
245 1 3 |a El seguro basado en el uso 
246 1 0 |a Usage based insurance 
250 |a 1a. ed 
300 |a 111 p 
942 |c BK 
945 |d 20141030 14:13:00  |a dcastane 
260 |a Madrid  |b Fundación Mapfre  |c 2014 
650 7 |a SEGUROS  |2 CL-VaPUC  |9 577081 
650 0 |a Derecho comercial   |9 256340 
650 7 |a SEGUROS DE TRANSPORTE  |2 CL-VaPUC  |9 577082 
583 |a last modification  |c 20141104 01:50:42  |k Rodrigo Vera 
490 0 |a Cuadernos de la Fundación, 199 
999 |c 357446  |d 357444 
952 |0 0  |1 0  |3 erb  |4 0  |6 346_070000000000000_ALC_2014  |7 0  |8 A  |9 465445  |a BIBDER  |b BIBDER  |i 5122228  |o 346.07 ALC 2014  |p 5122228  |r 2023-01-25  |w 2019-11-23  |y BK  |z Catalogado en:20141030  |k DER